Loading...
Literature - American Literature | 1 | 0 | 0 | 0 | 15 | 61 | 61.00 | 0 | 1 |
Literature - British Literature | 0 | 1 | 0 | 0 | 10 | 109 | 109.00 | 0 | 0 |
History - American History | 0 | 1 | 0 | 1 | 10 | 120 | 120.00 | 0 | 0 |
Science - Biology | 0 | 1 | 0 | 0 | 10 | 103 | 103.00 | 0 | 0 |
Fine Arts - Other Fine Arts | 1 | 1 | 4 | 1 | 5 | 52 | 76.50 | 0 | 2 |
Fine Arts - Visual Fine Arts | 0 | 1 | 1 | 0 | 5 | 93 | 93.00 | 0 | 0 |
Science - Physics | 0 | 0 | 0 | 0 | 0 | 0.00 | 0 | 0 | |
History - Other History | 0 | 0 | 0 | 0 | 0 | 0.00 | 0 | 0 | |
Literature - European Literature | 0 | 0 | 0 | 0 | 0 | 0.00 | 0 | 0 | |
Literature - World Literature | 0 | 0 | 0 | 0 | 0 | 0.00 | 0 | 0 | |
Philosophy | 0 | 0 | 0 | 0 | 0 | 0.00 | 0 | 0 | |
Religion | 0 | 0 | 1 | 0 | -5 | 0.00 | 0 | 0 | |
History - European History | 0 | 0 | 1 | 0 | -5 | 0.00 | 0 | 0 | |
History - World History | 0 | 0 | 1 | 0 | -5 | 0.00 | 0 | 0 |